Zborník skutočných nákladov realizovaných stavieb podľa vybraných typov stavieb (ZSNRS) technicko ekonomické ukazovatele : cenová úroveň 2000 : stavby vyhodnotené v zmysle vyhlášky MVVP SR č. 392/1998 Z.z.

Bibliographic Details
Format: Book
Language:Slovak
PhysicalDescription:57 s. 20 x 21 cm
Published: Bratislava ÚEOS - Komercia 2000
ISBN:(brož.)
Edition:[1.] vyd.
Subjects:

MARC

LEADER 00000nam a2200000 a 4500
001 vtls010543260
003 SK-MaSNL
005 20260301090152.0
008 130913s2000 xo f 000 0 slo
020 |a (brož.) 
040 |a SNK  |b slo  |c SNK  |e AACR2 
041 0 |a slo 
044 |a xo  |c SK 
072 7 |a 69  |x Stavebníctvo  |2 konspekt 
072 7 |a 33  |x Ekonómia  |2 konspekt 
080 |a 69.01/.03  |2 2001 
080 |a 338.58  |2 2001 
080 |a 330.322  |2 2001 
080 |a (082)  |2 2001 
245 0 0 |a Zborník skutočných nákladov realizovaných stavieb podľa vybraných typov stavieb (ZSNRS)  |b technicko ekonomické ukazovatele : cenová úroveň 2000 : stavby vyhodnotené v zmysle vyhlášky MVVP SR č. 392/1998 Z.z. 
250 |a [1.] vyd. 
260 |a Bratislava  |b ÚEOS - Komercia  |c 2000 
300 |a 57 s.  |c 20 x 21 cm 
500 |a Hrebeňová väzba 
500 |a Názov z obalu 
650 0 7 |a stavby  |2 SNKPH  |9 2983 
650 0 7 |a náklady  |2 SNKPH  |9 2318 
650 0 7 |a investície  |2 SNKPH  |9 2292 
650 0 7 |a Buildings  |2 SNKPHeng  |9 286401 
650 0 7 |a Costs  |2 SNKPHeng  |9 274134 
650 0 7 |a Investments  |2 SNKPHeng  |9 267272 
655 7 |a zborníky  |2 SNKPH  |9 70165 
655 7 |a Miscellanea  |2 SNKPHeng  |9 265155 
999 |c 667547  |d 669477 
952 |a SNK  |b SNK  |y PREZ  |7 0  |p 17A1082036  |o snkSD 82435  |i snk2013/21385  |8 1  |0 0  |1 0  |4 0  |d 2013-09-13  |l 0  |r 2025-12-04 00:00:00  |w 2026-02-23